000
00310nam a2200133Ia 4500
005
20251221000920.0
008
251220s1990||||xx |||||||||||||| ||spa||
082
_a
179.1/B25
100
_a
Barrantes, Roxana
245
0
_a
Ética Ambiental y Política Pública
264
_b
Nanuk
942
_c
LIB
942
_c
P01
999
_c
422
_d
422